| 000 | 00435nam a2200181Ia 4500 | ||
|---|---|---|---|
| 005 | 20250508162539.0 | ||
| 008 | 008 250505s9999 xx 000 0 eng d | ||
| 037 | _aTextual | ||
| 040 |
_aFEDL _beng _cFEDL |
||
| 041 |
_aeng _2eng |
||
| 084 |
_aB, DAY _qFEDL |
||
| 100 | _aPrakash Ved | ||
| 245 | 0 | _aPhilosophy of dayananda | |
| 260 | _c1986 | ||
| 300 | _a276p. | ||
| 942 |
_cTEXL _hB, DAY |
||
| 999 |
_c1377235 _d1377235 |
||